| 000 | 00644nam a22001937a 4500 | ||
|---|---|---|---|
| 005 | 20251108172515.0 | ||
| 008 | 250721s9999 xx 000 0 ara d | ||
| 082 | 1 | 4 | _a346.086أود |
| 100 | 1 | _aأودن، سمير عبدالسميع | |
| 245 | 1 | 0 | _aالحق في التعويض بين تأمين حوادث السيارات... / |
| 264 | 1 |
_aالقاهرة : _bمكتبة الإشعاع القانونية، |
|
| 300 | _a236ص | ||
| 650 | 1 | 7 | _aالتأمين الإجتماعي |
| 650 | 1 | 7 | _aالتأمين ضد الحوادث |
| 650 | 1 | 7 | _aالقانونالمدني |
| 650 | 1 | 7 | _aالتعويض |
| 942 |
_2ddc _cBK |
||
| 999 |
_c81113 _d81113 |
||